[Event "Sao Paulo Hebraica op 25th"]
[Site "Sao Paulo"]
[Date "2018.01.13"]
[Round "4"]
[White "Polachini, Diego"]
[Black "Hirota da Silva, Nilton Jose"]
[Result "1/2-1/2"]
[WhiteElo "1966"]
[BlackElo "1919"]
[PlyCount "93"]
[EventDate "2018.01.12"]
[EventType "swiss"]
[EventRounds "6"]
[EventCountry "BRA"]
[SourceTitle "CBM 182 Extra"]
[Source "ChessBase"]
[SourceDate "2018.02.23"]
[SourceVersion "1"]
[SourceVersionDate "2018.02.23"]
[SourceQuality "1"]

1. f4 d5 2. Nf3 c5 3. e3 Nc6 4. d4 Bg4 5. c3 e6 6. Bd3 f5 7. Nbd2 Nf6 8. 0-0 Bd6 9. Qe1 0-0 10. Ne5 c4 11. Bc2 Bh5 12. Qh4 Be7 13. Qe1 Nxe5 14. fxe5 Ne4 15. Nf3 Rc8 16. Bd1 Kh8 17. Be2 Rg8 18. Bd2 g5 19. Qd1 g4 20. Ne1 Bg6 21. g3 Ng5 22. Ng2 Nh3+ 23. Kh1 h5 24. Be1 Kg7 25. Nf4 Nxf4 26. exf4 Rh8 27. Kg2 Rh6 28. Rh1 Qh8 29. h4 Qe8 30. b3 b5 31. b4 Rh8 32. a4 a6 33. Bd2 Qc6 34. axb5 axb5 35. Ra7 Rc7 36. Qa1 Rxa7 37. Qxa7 Kf7 38. Ra1 Rc8 39. Kf2 Rc7 40. Qa8 Qxa8 41. Rxa8 Rb7 42. Ra6 Bd8 43. Be3 Ke7 44. Bd2 Be8 45. Bd1 Kd7 46. Rd6+ Ke7 47. Ra6 1/2-1/2

[Event "Sao Paulo Hebraica op 24th"]
[Site "Sao Paulo"]
[Date "2017.01.13"]
[Round "2"]
[White "Polachini, Diego"]
[Black "Lima, Vinicius Taishun"]
[Result "1-0"]
[WhiteElo "1942"]
[BlackElo "1465"]
[PlyCount "51"]
[EventDate "2017.01.13"]
[EventType "swiss"]
[EventRounds "6"]
[EventCountry "BRA"]
[SourceTitle "CBM 176 Extra"]
[Source "ChessBase"]
[SourceDate "2017.03.02"]
[SourceVersion "1"]
[SourceVersionDate "2017.03.02"]
[SourceQuality "1"]

1. d4 d5 2. Nf3 c6 3. Bf4 e6 4. e3 f5 5. Ne5 Nf6 6. Bg5 Nbd7 7. Nd2 Bd6 8. Ndf3 0-0 9. Bd3 Qc7 10. Bf4 Ne4 11. Nxd7 Bxd7 12. Bxd6 Qxd6 13. c3 Rac8 14. 0-0 a6 15. Ne5 a5 16. f4 Rcd8 17. Rf3 Rf6 18. Rh3 h6 19. g4 Rc8 20. Bxe4 fxe4 21. g5 hxg5 22. fxg5 Rf5 23. Qh5 Kf8 24. Qf7+ Rxf7 25. Rh8+ Ke7 26. Ng6# 1-0

[Event "Sao Paulo Hebraica op 17th"]
[Site "Sao Paulo"]
[Date "2014.01.12"]
[Round "6"]
[White "Hoshino, Karen M"]
[Black "Polachini, Diego"]
[Result "1/2-1/2"]
[WhiteElo "1711"]
[BlackElo "1984"]
[PlyCount "66"]
[EventDate "2014.01.09"]
[EventType "swiss"]
[EventRounds "6"]
[EventCountry "BRA"]
[SourceTitle "CBM 158 Extra"]
[Source "ChessBase"]
[SourceDate "2014.02.28"]
[SourceVersion "1"]
[SourceVersionDate "2014.02.28"]
[SourceQuality "1"]

1. d4 Nf6 2. Nf3 e6 3. Bg5 Be7 4. Nbd2 c5 5. c3 d5 6. e3 Nc6 7. Bd3 0-0 8. 0-0 a6 9. Bc2 b5 10. dxc5 Bxc5 11. Nb3 Be7 12. Nbd4 Nxd4 13. cxd4 Bb7 14. Rc1 Ne4 15. Bxe7 Qxe7 16. Nd2 Nxd2 17. Qxd2 Rac8 18. Bd3 g6 19. a3 Rxc1 20. Rxc1 Rc8 21. Rxc8+ Bxc8 22. Qc3 Bb7 23. g3 Qd7 24. Qc5 Qc6 25. Qxc6 Bxc6 26. Kf1 Kf8 27. Ke1 Ke7 28. Kd2 Kd6 29. Kc3 a5 30. b4 a4 31. Kd2 f6 32. f3 e5 33. f4 e4 1/2-1/2

[Event "Sao Paulo Hebraica op 17th"]
[Site "Sao Paulo"]
[Date "2014.01.09"]
[Round "1"]
[White "Yoshioka, Hugo"]
[Black "Polachini, Diego"]
[Result "1/2-1/2"]
[WhiteElo "1482"]
[BlackElo "1984"]
[PlyCount "64"]
[EventDate "2014.01.09"]
[EventType "swiss"]
[EventRounds "6"]
[EventCountry "BRA"]
[SourceTitle "CBM 158 Extra"]
[Source "ChessBase"]
[SourceDate "2014.02.28"]
[SourceVersion "1"]
[SourceVersionDate "2014.02.28"]
[SourceQuality "1"]

1. d4 d5 2. c4 dxc4 3. Nc3 Nf6 4. Bg5 e6 5. Nf3 Be7 6. e3 0-0 7. Bxc4 Nbd7 8. 0-0 b6 9. Rc1 Bb7 10. a3 c5 11. dxc5 Nxc5 12. Bxf6 Bxf6 13. Qe2 Qe7 14. Rfd1 Rfd8 15. Rxd8+ Rxd8 16. b4 Nd7 17. Bd3 Rc8 18. Na2 Rxc1+ 19. Nxc1 g6 20. Nb3 Qd6 21. h3 Ne5 22. Nxe5 Bxe5 23. f4 Bf6 24. Nd2 Qc7 25. Be4 Qc1+ 26. Kf2 Ba6 27. Qxa6 Qxd2+ 28. Kf3 Qd1+ 29. Kf2 Bh4+ 30. g3 Qd2+ 31. Kf3 Qd1+ 32. Kf2 Qd2+ 1/2-1/2

[Event "Paulista-chT Interclubes"]
[Site "Sao Paulo"]
[Date "2013.02.??"]
[Round "3"]
[White "Polachini, Diego"]
[Black "Terao, Juliana Sayumi"]
[Result "0-1"]
[WhiteElo "1984"]
[BlackElo "2174"]
[PlyCount "76"]
[EventDate "2013.02.25"]
[EventType "team-tourn"]
[EventRounds "7"]
[EventCountry "BRA"]
[SourceTitle "EXT 2022"]
[Source "ChessBase"]
[SourceDate "2021.10.06"]
[SourceVersion "1"]
[SourceVersionDate "2021.10.06"]
[SourceQuality "1"]
[WhiteTeam "Rio Preto AC"]
[BlackTeam "Sociedade Hebraica II"]
[WhiteTeamCountry "BRA"]
[BlackTeamCountry "BRA"]

1. d4 Nf6 2. Nf3 e6 3. Bf4 b6 4. e3 Bb7 5. Bd3 c5 6. 0-0 Nc6 7. c3 Be7 8. h3 0-0 9. Nbd2 d6 10. Qe2 Qc7 11. e4 e5 12. Be3 exd4 13. cxd4 Nb4 14. Bb1 Ba6 15. Nc4 cxd4 16. Nxd4 Qxc4 17. Qxc4 Bxc4 18. Rc1 Rfc8 19. a3 Na6 20. Nf5 Kf8 21. Rxc4 Rxc4 22. Bd3 b5 23. Bxc4 bxc4 24. f3 d5 25. exd5 Nxd5 26. Bd4 Bc5 27. Bxc5+ Nxc5 28. Rc1 Nb6 29. Nd6 Nd3 30. Rc2 a5 31. Nxc4 Nxc4 32. Rxc4 Nxb2 33. Rc2 Rb8 34. Rc5 a4 35. Ra5 g6 36. Rc5 Rb3 37. Rc2 Nd3 38. Ra2 Ne5 0-1

[Event "Sao Paulo op"]
[Site "Sao Paulo"]
[Date "2010.11.28"]
[Round "5"]
[White "Polachini, Diego"]
[Black "Brandao, Renan Alves"]
[Result "0-1"]
[WhiteElo "2007"]
[BlackElo "2056"]
[PlyCount "118"]
[EventDate "2010.11.26"]
[EventType "swiss"]
[EventRounds "6"]
[EventCountry "BRA"]
[SourceTitle "EXT 2012"]
[Source "ChessBase"]
[SourceDate "2011.11.24"]
[SourceVersion "1"]
[SourceVersionDate "2011.11.24"]
[SourceQuality "1"]

1. d4 Nf6 2. Nf3 e6 3. Bf4 c5 4. e3 b6 5. Bd3 Bb7 6. 0-0 Be7 7. c4 0-0 8. h3 cxd4 9. Nxd4 d6 10. Bh2 a6 11. Nc3 Nbd7 12. Rc1 Qc7 13. Qe2 Rac8 14. Rfd1 Qb8 15. f3 Ne5 16. b3 Nxd3 17. Rxd3 Nd7 18. e4 Ne5 19. Rdd1 Rfd8 20. Kh1 Nd7 21. f4 Qa8 22. f5 e5 23. Nf3 Nf6 24. Nd5 Bxd5 25. cxd5 Rxc1 26. Rxc1 Rc8 27. Rc2 b5 28. Qd3 Bd8 29. Bg1 Qb7 30. g3 Nd7 31. b4 Bb6 32. Nd2 Bxg1 33. Kxg1 Nb6 34. Kf2 Rc7 35. Nb3 Nc4 36. Nd2 Qc8 37. Nxc4 bxc4 38. Qe3 Qb8 39. a3 f6 40. g4 h6 41. h4 Qb5 42. g5 Kh7 43. g6+ Kg8 44. Rc3 Kf8 45. Qe2 Qb6+ 46. Qe3 Qd4 47. Ke2 Ke8 48. a4 Kd8 49. b5 axb5 50. axb5 Kc8 51. b6 Rc5 52. Qxd4 exd4 53. Rc1 Kb7 54. Rb1 Ra5 55. Rc1 Ra2+ 56. Ke1 c3 57. Rd1 Rh2 58. Rxd4 Rh1+ 59. Ke2 c2 0-1

[Event "Sao Jose do Rio Preto 9th"]
[Site "Sao Jose do Rio Preto"]
[Date "2010.11.18"]
[Round "2"]
[White "Valiente, Cristobal"]
[Black "Polachini, Diego"]
[Result "1-0"]
[WhiteElo "2232"]
[BlackElo "2007"]
[PlyCount "69"]
[EventDate "2010.11.17"]
[EventType "swiss"]
[EventRounds "11"]
[EventCountry "BRA"]
[SourceTitle "EXT 2022"]
[Source "ChessBase"]
[SourceDate "2021.10.06"]
[SourceVersion "1"]
[SourceVersionDate "2021.10.06"]
[SourceQuality "1"]

1. d4 d5 2. Nf3 Nf6 3. c4 e6 4. Nc3 Be7 5. Bf4 0-0 6. e3 b6 7. Bd3 Bb7 8. 0-0 a6 9. Qe2 Nbd7 10. Rfd1 Ne4 11. Rac1 f5 12. cxd5 exd5 13. Bxc7 Qe8 14. Bg3 b5 15. Ne5 Bd6 16. Bxe4 fxe4 17. Nxd7 Qxd7 18. Qe1 Rac8 19. Ne2 Bxg3 20. hxg3 Qd6 21. Rxc8 Rxc8 22. Rc1 Rxc1 23. Qxc1 Qb4 24. Qc3 Qc4 25. Nc1 b4 26. Qd2 a5 27. Nb3 Ba6 28. Qd1 a4 29. Nc5 Qxa2 30. Nxa6 b3 31. Qc1 a3 32. Qc8+ Kf7 33. Qf5+ Ke7 34. Nc5 Qb1+ 35. Kh2 1-0

[Event "Americana op"]
[Site "Americana"]
[Date "2009.09.07"]
[Round "6"]
[White "Gotz, Klaus Seiji Furucho"]
[Black "Polachini, Diego"]
[Result "0-1"]
[WhiteElo "1631"]
[BlackElo "2031"]
[PlyCount "136"]
[EventDate "2009.09.05"]
[EventType "swiss"]
[EventRounds "6"]
[EventCountry "BRA"]
[SourceTitle "CBM 132 Extra"]
[Source "ChessBase"]
[SourceDate "2009.11.03"]
[SourceVersion "1"]
[SourceVersionDate "2009.11.03"]
[SourceQuality "1"]

1. d4 d5 2. c4 c6 3. cxd5 cxd5 4. Nf3 Nf6 5. Nc3 Nc6 6. Bf4 e6 7. e3 Nh5 8. Bg3 Nxg3 9. hxg3 Bd6 10. Bd3 h6 11. a3 b6 12. Rc1 Bd7 13. Qe2 Na5 14. b4 Nc6 15. g4 Be7 16. Nd2 a5 17. b5 Na7 18. a4 Rc8 19. 0-0 Bd6 20. g3 g6 21. Kg2 Qf6 22. Qf3 Qg5 23. Rh1 Rc7 24. Ne2 Rxc1 25. Nxc1 Nc8 26. Ne2 Ne7 27. Nf4 e5 28. Nh3 e4 29. Nxg5 exf3+ 30. Ngxf3 Bxg4 31. Rc1 Kd7 32. Nb1 Rc8 33. Rxc8 Bxf3+ 34. Kxf3 Nxc8 35. Nc3 Ke6 36. Bc2 f5 37. Bb3 Ne7 38. Ne2 g5 39. g4 Ng6 40. gxf5+ Kxf5 41. Ng3+ Bxg3 42. fxg3 Ne7 43. Bc2+ Kf6 44. Kg4 Ng8 45. e4 dxe4 46. Bxe4 Ke6 47. Bc6 Nf6+ 48. Kf3 h5 49. Bb7 Nd5 50. Ke4 Nc3+ 51. Kd3 Nd5 52. Bc8+ Kd6 53. Bf5 h4 54. gxh4 gxh4 55. Be4 h3 56. Bf3 h2 57. Bh1 Ke6 58. Ke4 Nc3+ 59. Kd3 Nd1 60. Ke2 Nb2 61. Kd2 Nc4+ 62. Kd3 Nd6 63. Ke2 Nf5 64. d5+ Ke5 65. Kf2 Ne7 66. Bf3 Nxd5 67. Kg2 Nc3 68. Kxh2 Nxa4 0-1

[Event "Americana op"]
[Site "Americana"]
[Date "2009.09.06"]
[Round "3"]
[White "Polachini, Diego"]
[Black "Aragao Neto, Joao Batista"]
[Result "1-0"]
[WhiteElo "2031"]
[BlackElo "1830"]
[PlyCount "69"]
[EventDate "2009.09.05"]
[EventType "swiss"]
[EventRounds "6"]
[EventCountry "BRA"]
[SourceTitle "CBM 132 Extra"]
[Source "ChessBase"]
[SourceDate "2009.11.03"]
[SourceVersion "1"]
[SourceVersionDate "2009.11.03"]
[SourceQuality "1"]

1. d4 Nf6 2. Nf3 g6 3. Bf4 d6 4. e3 Bg7 5. Be2 0-0 6. c4 c5 7. Nc3 Nc6 8. d5 Nb8 9. h3 Na6 10. 0-0 Rb8 11. e4 Nc7 12. Qc2 a6 13. a4 Bd7 14. e5 Nfe8 15. Qb3 b6 16. Ne4 dxe5 17. Nxe5 Nf6 18. Ng5 h6 19. Ngf3 Rb7 20. Rfd1 Qe8 21. Nd2 b5 22. axb5 axb5 23. Bf3 Rb6 24. Ra7 Na8 25. d6 bxc4 26. Qxc4 Rb4 27. Qxc5 Rb5 28. Qa3 exd6 29. Rxa8 Qe6 30. Rxf8+ Bxf8 31. Nxd7 Nxd7 32. Bg4 Qe7 33. Qa7 f5 34. Bf3 g5 35. Be3 1-0

[Event "Birigui IRT Semana Olimpica SESC"]
[Site "Birigui"]
[Date "2008.06.22"]
[Round "5.5"]
[White "Cruz, Evandra"]
[Black "Polachini, Diego"]
[Result "1-0"]
[WhiteElo "2027"]
[BlackElo "1978"]
[PlyCount "55"]
[EventDate "2008.06.20"]
[EventType "swiss"]
[EventRounds "6"]
[EventCountry "BRA"]
[SourceTitle "EXT 2022"]
[Source "ChessBase"]
[SourceDate "2021.10.06"]
[SourceVersion "1"]
[SourceVersionDate "2021.10.06"]
[SourceQuality "1"]

1. d4 d5 2. Nf3 Nf6 3. c4 e6 4. Nc3 Be7 5. Bg5 0-0 6. e3 c6 7. Rc1 Nbd7 8. Bd3 b6 9. cxd5 exd5 10. 0-0 Bb7 11. Qc2 c5 12. Ne5 Nxe5 13. dxe5 Nd7 14. Bxh7+ Kh8 15. Bf4 g6 16. Bxg6 fxg6 17. Qxg6 Qe8 18. Qh6+ Kg8 19. Qe6+ Rf7 20. Nxd5 Nf8 21. Nxe7+ Qxe7 22. Qxe7 Rxe7 23. Bg3 Rae8 24. Rcd1 Ng6 25. f4 Rg7 26. Rd2 Kh7 27. Rfd1 Ree7 28. f5 1-0

[Event "Sao Jose de Rio Preto-B"]
[Site "Sao Jose de Rio Preto"]
[Date "2008.03.25"]
[Round "4"]
[White "Polachini, Diego"]
[Black "Pichuaga, Juan Pablo"]
[Result "1/2-1/2"]
[WhiteElo "1971"]
[BlackElo "2184"]
[PlyCount "22"]
[EventDate "2008.03.24"]
[EventType "tourn"]
[EventRounds "11"]
[EventCountry "BRA"]
[SourceTitle "CBM 123 Extra"]
[Source "ChessBase"]
[SourceDate "2008.05.06"]
[SourceVersion "1"]
[SourceVersionDate "2008.05.06"]
[SourceQuality "1"]

1. d4 Nf6 2. Nf3 g6 3. e3 Bg7 4. Bd3 0-0 5. 0-0 d5 6. c4 c6 7. Nc3 Bg4 8. cxd5 cxd5 9. h3 Bxf3 10. Qxf3 Nc6 11. a3 e6 1/2-1/2

[Event "Sao Jose de Rio Preto op"]
[Site "Sao Jose de Rio Preto"]
[Date "2008.03.22"]
[Round "5"]
[White "Oliveira, Jefferson dos Santo"]
[Black "Polachini, Diego"]
[Result "0-1"]
[WhiteElo "2280"]
[BlackElo "1971"]
[PlyCount "76"]
[EventDate "2008.03.20"]
[EventType "swiss"]
[EventRounds "5"]
[EventCountry "BRA"]
[SourceTitle "CBM 123 Extra"]
[Source "ChessBase"]
[SourceDate "2008.05.06"]
[SourceVersion "1"]
[SourceVersionDate "2008.05.06"]
[SourceQuality "1"]

1. e4 c6 2. d4 d5 3. e5 Bf5 4. Nc3 e6 5. g4 Bg6 6. Nge2 c5 7. h4 h6 8. Nf4 Bh7 9. Be3 Nc6 10. Bb5 cxd4 11. Bxd4 Nge7 12. Bc5 a6 13. Bxc6+ Nxc6 14. Bxf8 Kxf8 15. Nh5 Nxe5 16. Qe2 Qc7 17. Rh3 Rc8 18. Rd1 Nc4 19. b3 Na3 20. Kf1 Nxc2 21. Rf3 Qd6 22. Nf4 Kg8 23. Kg1 Nb4 24. Qd2 Nc6 25. Rg3 Ne7 26. Nh5 Bg6 27. Re1 Bxh5 28. gxh5 Nf5 29. Rg4 Kh7 30. Ne2 Rc7 31. Nd4 Nxd4 32. Qxd4 Rg8 33. Kh1 f6 34. Reg1 e5 35. Qd3+ Kh8 36. Rg6 d4 37. Qg3 Qe6 38. f4 Rc3 0-1

[Event "Sao Jose de Rio Preto op"]
[Site "Sao Jose de Rio Preto"]
[Date "2008.03.22"]
[Round "4"]
[White "Polachini, Diego"]
[Black "Barbosa, Evandro Amorim"]
[Result "0-1"]
[WhiteElo "1971"]
[BlackElo "2130"]
[PlyCount "80"]
[EventDate "2008.03.20"]
[EventType "swiss"]
[EventRounds "5"]
[EventCountry "BRA"]
[SourceTitle "CBM 123 Extra"]
[Source "ChessBase"]
[SourceDate "2008.05.06"]
[SourceVersion "1"]
[SourceVersionDate "2008.05.06"]
[SourceQuality "1"]

1. d4 Nf6 2. Nf3 g6 3. Bf4 Bg7 4. e3 0-0 5. Bd3 d6 6. h3 c5 7. c4 Nh5 8. Bg5 Nc6 9. g4 Nf6 10. Nc3 cxd4 11. exd4 e5 12. d5 Nb4 13. Be4 Qd7 14. Bxf6 Bxf6 15. a3 Na6 16. Rc1 Bg7 17. Nd2 f5 18. gxf5 gxf5 19. Bg2 Nc5 20. Nf3 e4 21. Ng5 Nd3+ 22. Kf1 Nxc1 23. Qxc1 Qe7 24. h4 Bd7 25. Ne2 Qe5 26. b3 Qb2 27. Qxb2 Bxb2 28. a4 Be5 29. Nh3 a6 30. Rg1 Kh8 31. Nhf4 b5 32. Bh3 bxa4 33. bxa4 Rab8 34. Rg5 Rb1+ 35. Kg2 Rb2 36. Rh5 Rg8+ 37. Rg5 Bf6 38. Rxg8+ Kxg8 39. Nh5 Bxh4 40. Nhf4 Kf7 0-1